000
00262 a2200097 4500
001
34090
100
_a
Rizzi Peter A.
245
_a
Microwave engineering : passive circuits
260
_a
Englewood Cliffs, New Jersey
_b
Prentice HAll
_c
1988
090
_c
22548
_d
22548
942
_a
NUST-CAE
_c
M
_c
13945
999
_c
269163
_d
269163